Los días en San Agustín /

Historia del pueblo de San Agustín, ubicado en la periferia de Guadalajara y perteneciente al municipio de Tlajomulco de Zúñiga. Va del período prehispánico hasta nuestros días.

Αποθηκεύτηκε σε:
Λεπτομέρειες βιβλιογραφικής εγγραφής
Κύριος συγγραφέας: Moya Ramos, Samuel (autor)
Μορφή: Βιβλίο
Γλώσσα:Ισπανικά
Έκδοση: Guadalajara, México : Amate, 2002, c2002
Θέματα:
Ετικέτες: Προσθήκη ετικέτας
Δεν υπάρχουν, Καταχωρήστε ετικέτα πρώτοι!

MARC

LEADER 00000nam^a2200000^a^4500
001 000153900
005 20250521000000.0
009 20260310100336.663
020 |a 968-5531-17-X 
037 |a Acervo ITESO - Biblioteca 
041 |a ESP 
082 |a 972. 35  |b MOY 
100 |a Moya Ramos, Samuel  |e (autor) 
245 1 4 |a Los días en San Agustín /  |c S. Moya Ramos. 
264 4 |a Guadalajara, México :  |b Amate,  |c 2002, c2002 
300 |a 157 p. 
336 |a texto  |b txt  |2 rdacontenido 
337 |a sin mediación  |b n  |2 rdamedio 
338 |a volumen  |b nc  |2 rdasoporte 
520 |a Historia del pueblo de San Agustín, ubicado en la periferia de Guadalajara y perteneciente al municipio de Tlajomulco de Zúñiga. Va del período prehispánico hasta nuestros días. 
649 |a XX 
650 |a Arqueología -  |z San Agustín, Jalisco 
650 |a Arqueología -  |z Jalisco 
650 |a Arqueología -  |z México 
650 |a Arte Prehispánico -  |z San Agustín, Jalisco 
650 |a Arte Prehispánico -  |z Jalisco 
650 |a Arte Prehispánico -  |z México 
650 |a Arte Jalisciense 
650 |a Arte Mexicano 
650 |a Franciscanos en San Agustín, Jalisco -  |x Historia 
650 |a Franciscanos en Jalisco -  |x Historia 
650 |a Franciscanos en México -  |x Historia 
650 |a Iglesia Católica en San Agustín, Jalisco -  |x Historia 
650 |a Iglesia Católica en Jalisco -  |x Historia 
650 |a Iglesia Católica en México -  |x Historia 
650 |a Fiestas Religiosas -  |z San Agustín, Jalisco -  |x Historia 
650 |a Fiestas Religiosas -  |z Jalisco -  |x Historia 
650 |a Fiestas Religiosas -  |z México -  |x Historia 
650 |a Prácticas Culturales -  |z San Agustín, Jalisco -  |x Historia 
650 |a Prácticas Culturales -  |z Jalisco -  |x Historia 
650 |a Prácticas Culturales -  |z México -  |x Historia 
650 |a Religión -  |z San Agustín, Jalisco -  |x Historia 
650 |a Religión -  |z Jalisco -  |x Historia 
650 |a Religión -  |z México -  |x Historia 
650 |a Antropología Cultural 
650 |a San Agustín, Jalisco -  |x Historia 
650 |a Jalisco -  |x Historia 
650 |a México -  |x Historia 
650 |a San Agustín, Jalisco -  |x Descripción 
650 |a Jalisco -  |x Descripción 
650 |a México -  |x Descripción 
910 |a Fondo General 
920 |a Impresos - Libros 
930 |a Colección General 
905 |a 101 
901 |a 0500082531  |b IT1  |c ACC  |u 20250521 
902 |a https://opac.biblio.iteso.mx/vufind/Record/000153900